[Event "Hamburg op"]
[Site "Hamburg"]
[Date "1981.??.??"]
[Round "10"]
[White "Ernst, Thomas"]
[Black "Short, Nigel D"]
[Result "0-1"]
[WhiteElo "2300"]
[BlackElo "2440"]

1.e4 g6 2.d4 Bg7 3.c4 d6 4.Nc3 Nf6 5.f3 O-O 6.Be3 Nc6 7.Nge2 a6 8.Qd2 Rb8
9.g4 b5 10.h4 h5 11.g5 Nd7 12.f4 Na5 13.Ng3 Nxc4 14.Bxc4 bxc4 15.O-O c5 16.d5 Qa5
17.Rac1 Nb6 18.f5 Be5 19.Qf2 Nd7 20.Rc2 Rxb2 21.Rxb2 Qxc3 22.Rd2 Qb4 23.Qf3 c3
24.Rg2 a5 25.Nxh5 Ba6 26.Rc1 gxh5 27.f6 Bd4 28.Kh1 Bxe3 29.Qxe3 Ne5 30.fxe7 Re8
31.Rxc3 Bd3 32.g6 fxg6 33.Rxd3 Qb1+ 34.Kh2 Qxd3 35.Rxg6+ Kf7  0-1

[Event "Wch U20"]
[Site "Copenhagen"]
[Date "1982.??.??"]
[Round "3"]
[White "Short, Nigel D"]
[Black "Stohl, Igor"]
[Result "1/2-1/2"]
[WhiteElo "2485"]
[BlackElo "2305"]

1.e4 c5 2.Nf3 d6 3.d4 cxd4 4.Nxd4 Nf6 5.Nc3 e6 6.g3 Nc6 7.Bg2 Bd7 8.O-O Be7
9.a4 O-O 10.Re1 a6 11.Nxc6 Bxc6 12.a5 Qc7 13.Be3 Nd7 14.Bd4 Bf6 15.Ne2 Rfc8
16.c4 Bxd4 17.Nxd4 Ne5 18.b3 Be8 19.Qd2 Rab8 20.Ra3 Rd8 21.Rea1 Nc6 22.Ne2 b6
23.axb6 Rxb6 24.Nc1 a5 25.Qc3 Rdb8 26.Bf3 Qe7 27.Bd1 Qf6 28.Qxf6 gxf6 29.Ne2 Kf8
30.f4 Bd7 31.Kf2 Ke7 32.Ke3 Rb4 33.Nd4 d5 34.Nxc6+ Bxc6 35.Rxa5 dxc4 36.Rc5 Bb5
37.Ra7+ Ke8 38.bxc4 Rxc4 39.Rh5 Bc6 40.Rxh7 Rxe4+ 41.Kd2 Rb7 42.Rxb7  1/2-1/2

[Event "Wch U20"]
[Site "Copenhagen"]
[Date "1982.??.??"]
[Round "13"]
[White "Sokolov, Andrei"]
[Black "Short, Nigel D"]
[Result "1/2-1/2"]
[WhiteElo "2435"]
[BlackElo "2485"]

1.e4 e6 2.d4 d5 3.Nd2 Nf6 4.Bd3 c5 5.e5 Nfd7 6.c3 b6 7.Nh3 Ba6 8.Bxa6 Nxa6
9.O-O b5 10.Qg4 Nb6 11.Nf3 Qd7 12.b3 c4 13.Bg5 h6 14.Be3 Nb8 15.Nd2 g6 16.bxc4 bxc4
17.a4 Nc6 18.Nf4 Nc8 19.Rfb1 N8e7 20.Rb5 h5 21.Qd1 Nf5 22.Qb1 Be7 23.h3 Kf8
24.Qd1 a6 25.Rbb1 Kg7 26.Qf3 Rab8 27.g4 hxg4 28.hxg4 Nxe3 29.Rxb8 Rxb8 30.Qxe3 Na5
31.Nf3 Nb3 32.Ra2 Rh8 33.Kg2 Bd8 34.Nh3 Kf8  1/2-1/2

[Event "Hastings8283"]
[Site "Hastings"]
[Date "1982.??.??"]
[Round "?"]
[White "Short, Nigel D"]
[Black "Vaganian, Rafael A"]
[Result "0-1"]
[WhiteElo "2485"]
[BlackElo "2550"]

1.e4 e6 2.d4 d5 3.Nd2 c5 4.exd5 exd5 5.Ngf3 Nc6 6.Bb5 Bd6 7.dxc5 Bxc5 8.O-O Ne7
9.Nb3 Bd6 10.Re1 O-O 11.Bg5 Bg4 12.Be2 h6 13.Bh4 Re8 14.c3 Qb6 15.Nfd4 Bxe2
16.Rxe2 Nxd4 17.Nxd4 Nc6 18.Nf5 Bf8 19.Bg3 d4 20.Nxd4 Nxd4 21.cxd4 Rxe2 22.Qxe2 Qxd4
23.Be5 Qd5 24.Bc3 Rd8 25.a3 Rd6 26.Re1 Rg6 27.Qe4 Qc6 28.Qxc6 Rxc6 29.Re3 Bc5
30.Rd3 Rd6 31.Rxd6 Bxd6 32.Kf1 f6 33.Ke2 Kf7 34.h3 Ke6 35.a4 Be5 36.Kd3 Bxc3
37.Kxc3 Kd5 38.Kd3 Kc5 39.Kc3 a5 40.b3 h5 41.g3 g5 42.g4 h4 43.f3 Kd5 44.b4 Ke5
45.bxa5 Kf4 46.Kd4 Kxf3 47.Kc5 Kg3 48.Kb6 Kxh3 49.Kxb7 Kxg4 50.a6 h3 51.a7 h2
52.a8=Q h1=Q+ 53.Kb8 Qxa8+ 54.Kxa8 f5  0-1

[Event "Marbella zt-f"]
[Site "Marbella"]
[Date "1982.??.??"]
[Round "1"]
[White "Stean, Michael"]
[Black "Short, Nigel D"]
[Result "1/2-1/2"]
[WhiteElo "2505"]
[BlackElo "2430"]

1.c4 e5 2.Nc3 d6 3.d4 exd4 4.Qxd4 Nc6 5.Qd2 Nf6 6.e4 g6 7.Nge2 Bg7 8.Nf4 O-O
9.Be2 a6 10.O-O Rb8 11.f3 Nd7 12.b3 b5 13.Bb2 bxc4 14.Bxc4 Nde5 15.Be2 Nd4
16.Rad1 c5 17.Nfd5 a5 18.f4 Nxe2+ 19.Qxe2 Nc6 20.f5 Bd4+ 21.Kh1 f6 22.Na4 Kg7
23.Bxd4 Nxd4 24.Qd3 g5 25.Nac3 Rf7 26.Ne2 Nc6 27.Ng3 Nd4 28.Ne2 Nc6 29.Ng3  1/2-1/2

[Event "Marbella zt-A"]
[Site "Marbella"]
[Date "1982.??.??"]
[Round "4"]
[White "Gallego Eraso, Francisco"]
[Black "Short, Nigel D"]
[Result "0-1"]
[WhiteElo "2200"]
[BlackElo "2430"]

1.e4 d6 2.d4 Nf6 3.Nc3 g6 4.f4 Bg7 5.Nf3 O-O 6.Be3 b6 7.e5 Ng4 8.Bg1 c5 9.dxc5 bxc5
10.Bc4 Nc6 11.Qd2 dxe5 12.Qxd8 Rxd8 13.h3 Nh6 14.Bxc5 exf4 15.O-O Bb7 16.Rae1 e6
17.Ne4 Nf5 18.b4 Ncd4 19.Bd3 Ne3 20.Rf2 Nxf3+ 21.gxf3 f5 22.Nd6 Bd5 23.Nb5 Rd7
24.a4 Bf6 25.Rb1 Ba2 26.Re1 Bh4 27.Nc3 Bxf2+ 28.Kxf2 Bd5 29.Bb5 Rc7 30.Nxd5 exd5
31.Bd3 Kf7 32.a5 Re8 33.c3 g5 34.Rg1 h6 35.Bb1 Rec8  0-1

[Event "Marbella zt-A"]
[Site "Marbella"]
[Date "1982.??.??"]
[Round "5"]
[White "Short, Nigel D"]
[Black "Doyle, Anthony"]
[Result "1-0"]
[WhiteElo "2430"]
[BlackElo "2235"]

1.e4 e5 2.Nf3 Nc6 3.Bb5 a6 4.Ba4 Nf6 5.d3 d6 6.c3 Be7 7.Nbd2 O-O 8.Nf1 b5
9.Bb3 d5 10.Qe2 dxe4 11.dxe4 Be6 12.Bxe6 fxe6 13.Ng3 Qe8 14.O-O Bd6 15.Rd1 Ne7
16.a4 Rb8 17.axb5 axb5 18.Ra6 Ng6 19.b4 h6 20.Be3 Ng4 21.Ba7 Nf4 22.Qa2 Rd8
23.Ra1 Qf7 24.Ne1 h5 25.f3 Nf6 26.Be3 h4 27.Ne2 N6h5 28.Bxf4 Nxf4 29.Nxf4 exf4
30.Nd3 h3 31.gxh3 Rfe8 32.Kh1 Qh5 33.Qe2 Be5 34.Rc6 Ra8 35.Rg1 Ra2 36.Qxa2 Qxf3+
37.Qg2 Qxd3 38.Rxc7  1-0

[Event "Marbella zt-A"]
[Site "Marbella"]
[Date "1982.??.??"]
[Round "6"]
[White "Ligterink, Gert"]
[Black "Short, Nigel D"]
[Result "1-0"]
[WhiteElo "2455"]
[BlackElo "2430"]

1.d4 e6 2.c4 Bb4+ 3.Bd2 a5 4.g3 d6 5.Nf3 Qe7 6.Bg2 e5 7.O-O e4 8.Ng5 f5 9.Bc1 a4
10.a3 Ba5 11.Qxa4+ Bd7 12.Qc2 Nc6 13.d5 Ne5 14.Be3 Ng4 15.Bc1 N8f6 16.Nc3 Bb6
17.Nh3 h5 18.Bg5 h4 19.gxh4 Qe5 20.Bf4 Qd4 21.b3 e3 22.f3 Nf2 23.Bg3 Nh5
24.f4 O-O-O 25.a4 g5 26.Nxg5 Nxf4 27.Nb5 Qf6 28.c5 Bxc5 29.Bxf4 Rxh4 30.Bxe3 Qe5
31.Bxc5 Qxh2+ 32.Kxf2 Rg4 33.Rg1 dxc5 34.Nf3 Qg3+ 35.Kf1 b6 36.Nc3 Rdg8 37.a5 b5
38.a6 Kb8 39.a7+ Ka8 40.d6 b4 41.Ne5+ c6 42.Bxc6+  1-0

[Event "Marbella zt-A"]
[Site "Marbella"]
[Date "1982.??.??"]
[Round "7"]
[White "Short, Nigel D"]
[Black "Langeweg, Kick"]
[Result "1-0"]
[WhiteElo "2430"]
[BlackElo "2410"]

1.e4 c5 2.Nf3 e6 3.b3 Nc6 4.Bb2 Nf6 5.e5 Nd5 6.Nc3 Nxc3 7.Bxc3 Qc7 8.Bd3 g6
9.Qe2 Bg7 10.h4 h6 11.a3 a5 12.a4 b6 13.O-O Bb7 14.Rfe1 Ne7 15.Be4 Bxe4 16.Qxe4 O-O
17.Rad1 Rac8 18.d3 Nf5 19.Bd2 Qd8 20.g3 d5 21.Qe2 Qc7 22.Kg2 Qb7 23.Rh1 c4
24.g4 cxd3 25.cxd3 Ne7 26.Nd4 Nc6 27.Nb5 Qd7 28.f4 f6 29.d4 f5 30.h5 gxh5
31.Rxh5 Ne7 32.g5 Kh7 33.Kf3 Rc2 34.Rg1 Qe8 35.Rh3 Rg8 36.Qh2 Rh8 37.gxh6  1-0

[Event "Marbella zt-A"]
[Site "Marbella"]
[Date "1982.??.??"]
[Round "9"]
[White "Short, Nigel D"]
[Black "McNab, Colin Anderson"]
[Result "1-0"]
[WhiteElo "2430"]
[BlackElo "2340"]

1.e4 g6 2.d4 d6 3.g3 Bg7 4.Bg2 Nc6 5.Ne2 e5 6.Be3 Nf6 7.h3 O-O 8.Nbc3 Nd7
9.O-O exd4 10.Nxd4 Nde5 11.Nde2 Nc4 12.Bc1 Nb6 13.a4 a5 14.b3 Be6 15.Be3 Nc8
16.Qd2 N8e7 17.Rad1 Qc8 18.Kh2 f6 19.Nd5 Bf7 20.Nec3 Nxd5 21.exd5 Ne7 22.h4 Re8
23.Nb5 Qd7 24.c4 Kh8 25.Bh3 Qd8 26.Rfe1 Ng8 27.Qc3 h6 28.Qd3 h5 29.Nd4 f5
30.Nf3 Nh6 31.Ng5 Kg8 32.Bd4 Bxd4 33.Qxd4 Rxe1 34.Rxe1 Qd7 35.Ne6 Bxe6 36.Rxe6 Qf7
37.Qe3 f4 38.gxf4 Rf8 39.Re7 Qxf4+ 40.Qxf4 Rxf4 41.Rxc7 Rxh4 42.Kg3 g5 43.Be6+ Kh8
44.c5  1-0

[Event "Baku"]
[Site "Baku"]
[Date "1983.??.??"]
[Round "?"]
[White "Short, Nigel D"]
[Black "Bagirov, Vladimir"]
[Result "1/2-1/2"]
[WhiteElo "2475"]
[BlackElo "2505"]

1.e4 Nf6 2.e5 Nd5 3.d4 d6 4.Nf3 Bg4 5.Be2 e6 6.O-O Be7 7.h3 Bh5 8.c4 Nb6
9.Nc3 O-O 10.exd6 cxd6 11.Be3 d5 12.c5 Bxf3 13.Bxf3 Nc4 14.Bf4 Nc6 15.b3 N4a5
16.Rc1 b6 17.cxb6 Qxb6 18.Be3 Rac8 19.Na4 Qb8 20.Nc5 Bxc5 21.Rxc5 Nb7 22.Rc3 Ne7
23.Rxc8 Rxc8 24.Qd3 Nd6 25.Rc1 Ndf5 26.Rxc8+ Qxc8 27.Bd2 Nc6 28.Bc3 a5 29.Bd1 Qb7
30.g4 Nd6 31.a4 g6 32.f3 Qb6 33.Kg2 Nb4 34.Qd2 Nc6 35.Qf4 Nb4 36.h4 Kf8 37.h5 Ne8
38.h6 Ke7 39.Be1 Nd3 40.Bh4+ f6 41.Qe3 Nb4 42.f4 Nc6 43.Bf2 Nd6 44.Bc2 Kf7
45.f5 exf5 46.gxf5 Nxf5 47.Bxf5 gxf5 48.Qg3 Qa7 49.Qg7+ Ke6 50.Qg8+ Qf7 51.Qc8+ Qd7
52.Qg8+ Qf7 53.Qa8 Qc7 54.Bg3 Qd7 55.Qg8+ Qf7 56.Qc8+ Qd7 57.Qg8+ Qf7 58.Qa8 Qd7
59.Bf4 Kf7 60.Qh8 Kg6 61.Qg8+ Kh5 62.Qg3  1/2-1/2

[Event "Baku"]
[Site "Baku"]
[Date "1983.??.??"]
[Round "?"]
[White "Taimanov, Mark E"]
[Black "Short, Nigel D"]
[Result "0-1"]
[WhiteElo "2515"]
[BlackElo "2475"]

1.d4 e6 2.c4 Nf6 3.Nc3 Bb4 4.e3 c5 5.Bd3 O-O 6.Nf3 Nc6 7.d5 Ne7 8.e4 Bxc3+
9.bxc3 d6 10.Nh4 e5 11.g3 Re8 12.Rb1 Ng6 13.Ng2 Bh3 14.Ne3 Qc8 15.f3 h5 16.Rb2 b6
17.Rg1 Bd7 18.Kf2 Nf8 19.Kg2 g6 20.Kh1 N8h7 21.Qe2 Kh8 22.Nd1 Re7 23.Nf2 Ne8
24.g4 Ng7 25.f4 hxg4 26.fxe5 dxe5 27.Nxg4 Qc7 28.Qf2 Qd6 29.Nh6 Rf8 30.Qh4 Be8
31.Rbg2 f6 32.Rxg6 Bxg6 33.Rxg6 Qd7 34.Ng4 Ne8 35.Be2 Rg7 36.Rxg7 Nxg7 37.Bh6 Qa4
38.Ne3 Qxa2 39.Qe1 Rg8 40.Qd1 Qb2 41.Qd3 Qc1+ 42.Bd1 Nh5 43.d6 Nf4 44.Bxf4 exf4
45.Ng4 f3 46.d7 Qf4 47.d8=Q Qxg4 48.Qxg8+ Qxg8 49.Bxf3 Ng5 50.Bg4 Nf7 51.Be6 Ne5
52.Qd6 Qe8 53.Bd5 Kg7 54.Qc7+ Qd7 55.Qb8 Kg6 56.Qg8+ Qg7 57.Qc8 Kh7 58.Be6 Kh6
59.Qd8 Nf3 60.Qd1 Nh4 61.Bg4 Qg5 62.h3 Qe3 63.Qc2 a5 64.Bd7 Nf3 65.Qd1 Qf2  0-1

[Event "EU-chT Plovdiv"]
[Site "Plovdiv"]
[Date "1983.??.??"]
[Round "3"]
[White "Short, Nigel D"]
[Black "Spiridonov, Nikola"]
[Result "1/2-1/2"]
[WhiteElo "2510"]
[BlackElo "2405"]

1.e4 c6 2.c4 e5 3.Nf3 d6 4.d4 Nd7 5.Nc3 Ngf6 6.Be2 Be7 7.O-O O-O 8.Re1 Re8
9.d5 Nc5 10.Nd2 a5 11.b3 Bd7 12.a3 Qb6 13.Rb1 Rec8 14.Bb2 Bd8 15.h3 h6 16.Ba1 Na6
17.Nf3 cxd5 18.Nxd5 Nxd5 19.cxd5 Qc5  1/2-1/2

[Event "EU-chT Plovdiv"]
[Site "Plovdiv"]
[Date "1983.??.??"]
[Round "6"]
[White "Short, Nigel D"]
[Black "Jussupow, Artur"]
[Result "1/2-1/2"]
[WhiteElo "2510"]
[BlackElo "2565"]

1.e4 e5 2.Nf3 Nf6 3.d4 Nxe4 4.Bd3 d5 5.Nxe5 Bd6 6.Nc3 Nxc3 7.bxc3 O-O 8.O-O Nd7
9.Nxd7 Qxd7 10.Qh5 g6 11.Qf3 Re8 12.Bh6 Bf8 13.Bxf8 Rxf8 14.Rfe1 Qc6 15.h4 Qxc3
16.Qxd5 Be6  1/2-1/2

[Event "EU-chT Plovdiv"]
[Site "Plovdiv"]
[Date "1983.??.??"]
[Round "7"]
[White "Djuric, Stefan"]
[Black "Short, Nigel D"]
[Result "1/2-1/2"]
[WhiteElo "2515"]
[BlackElo "2510"]

1.Nf3 Nf6 2.c4 e6 3.Nc3 Bb4 4.Qc2 O-O 5.e3 Re8 6.a3 Bxc3 7.Qxc3 d6 8.Be2 e5
9.O-O Bg4 10.d3 Nc6 11.h3 Bh5 12.b4 e4 13.Nd4 Bxe2 14.Nxe2 exd3 15.Qxd3 a5
16.Rb1 axb4 17.axb4 Qd7 18.Qc2 Qe6 19.Bd2 Qe4 20.Rfc1 Qxc2 21.Rxc2 Ne5 22.f3 Kf8
23.e4 Ke7 24.Nd4 Kd7 25.Rd1 Nc6 26.Nf5 g6 27.Nh6 Ke6 28.c5 Nd4 29.Rb2 Nb5
30.cxd6 cxd6 31.Bf4 Rec8 32.Rbd2 Ne8 33.e5 dxe5 34.Bxe5 Kxe5 35.Rd5+ Kf6
36.Rxb5 Kg7 37.Ng4 Rc7 38.Ne5 Nf6 39.Rd2 Re8 40.g4 h6  1/2-1/2

[Event "Lvov"]
[Site "Lvov"]
[Date "1984.??.??"]
[Round "3"]
[White "Eingorn, Vereslav S"]
[Black "Short, Nigel D"]
[Result "1/2-1/2"]
[WhiteElo "2475"]
[BlackElo "2500"]

1.d4 Nf6 2.Nf3 e6 3.c4 b6 4.g3 Bb7 5.Bg2 Bb4+ 6.Bd2 Be7 7.Nc3 O-O 8.O-O d5
9.cxd5 Nxd5 10.Nxd5 Bxd5 11.Qc2 Nd7 12.e4 Bb7 13.Rad1 Qc8 14.Rfe1 Re8 15.h4 Bf6
16.Bc3 c5 17.d5 exd5 18.exd5 Rxe1+ 19.Rxe1 h6 20.Ne5 Bxe5 21.Bxe5 Qf8 22.Qf5 Nxe5
23.Rxe5 Rd8 24.h5 Bc8 25.Qe4 b5 26.Qe3 a6 27.Re7 Be6 28.Qxc5 Bxd5 29.Bxd5 Rxd5
30.Qe3 Rd3 31.Qa7 Rd1+ 32.Kh2 Qc8 33.Qe3 Qc6 34.Re8+ Kh7 35.Qe4+ Qxe4 36.Rxe4 Rd2
37.Kg2 Rxb2 38.a4 Rb3 39.axb5 axb5 40.Re2 f6 41.Re8 b4 42.Rb8 Rb1 43.Kf3 b3
44.Kg4 Rb2  1/2-1/2

[Event "Lvov"]
[Site "Lvov"]
[Date "1984.??.??"]
[Round "5"]
[White "Mikhalchishin, Adrian"]
[Black "Short, Nigel D"]
[Result "1-0"]
[WhiteElo "2480"]
[BlackElo "2500"]

1.e4 c6 2.d4 d5 3.Nd2 dxe4 4.Nxe4 Nd7 5.Ne2 Ngf6 6.N2g3 Nxe4 7.Nxe4 Nf6 8.Nxf6+ gxf6
9.Bc4 Bf5 10.c3 e6 11.Bf4 Bd6 12.Qf3 Bxf4 13.Qxf4 Rg8 14.g3 Qb6 15.O-O-O O-O-O
16.h3 Qc7 17.Qe3 h5 18.b3 Qd6 19.Kb2 Rg5 20.Be2 Bg6 21.a4 Ra5 22.Bf3 b5 23.Ra1 bxa4
24.b4 Rb5 25.Rxa4 a5 26.Rha1 axb4 27.c4 Rb8 28.Rd1 e5 29.Ra6 e4 30.Bxe4 Bxe4
31.Qxe4 Kb7 32.c5 Qe6 33.Rb6+ Kc7 34.Qf4+ Kd7 35.Rxb8 Qe2+ 36.Kc1 Rxb8 37.Qxb8 Qc4+
38.Kd2 Qc3+ 39.Ke2 Qc2+ 40.Ke1 Qe4+ 41.Kd2 Qf3 42.Qxb4  1-0

[Event "Lvov"]
[Site "Lvov"]
[Date "1984.??.??"]
[Round "6"]
[White "Short, Nigel D"]
[Black "Giorgadze, Tamaz"]
[Result "1/2-1/2"]
[WhiteElo "2500"]
[BlackElo "2495"]

1.e4 c5 2.Nc3 Nc6 3.f4 g6 4.Nf3 Bg7 5.Bb5 Nd4 6.O-O e6 7.Nxd4 cxd4 8.Ne2 Ne7
9.d3 O-O 10.Ba4 d6 11.Kh1 a6 12.Bd2 b5 13.Bb3 Bb7 14.a4 Qd7 15.Ng3 f5 16.Qe2 Kh8
17.axb5 axb5 18.exf5 exf5 19.Rxa8 Rxa8 20.Re1 Nd5 21.Nf1 Nf6 22.h3 Re8 23.Qf2 Rxe1
24.Bxe1 Nd5 25.Bd2 Qe7 26.Kg1 h6 27.Nh2 Ne3 28.Nf3 Kh7 29.c3 Ba8 30.Qe2 Nd5
31.Qxe7 Nxe7 32.c4 bxc4 33.Bxc4 Nd5 34.b4 Nc3 35.Kf2 Bb7 36.g4 fxg4 37.hxg4 d5
38.Bb3 Ba6 39.Bc2  1/2-1/2

[Event "Lvov"]
[Site "Lvov"]
[Date "1984.??.??"]
[Round "7"]
[White "Romanishin, Oleg M"]
[Black "Short, Nigel D"]
[Result "0-1"]
[WhiteElo "2580"]
[BlackElo "2500"]

1.c4 c5 2.g3 g6 3.Bg2 Bg7 4.Nc3 Nc6 5.a3 d6 6.Nf3 e5 7.O-O Nge7 8.b4 e4 9.Ne1 f5
10.Bb2 Be6 11.d3 exd3 12.Nxd3 Bxc4 13.Na4 O-O 14.Bxg7 Kxg7 15.bxc5 d5 16.Nab2 Ba6
17.Nb4 Nxb4 18.axb4 Nc6 19.Nd3 g5 20.Qd2 Bb5 21.f4 h6 22.fxg5 hxg5 23.h4 gxh4
24.Nf4 Kh7 25.Ne6 Qf6 26.Qxd5 Bxe2 27.Be4 Bxf1 28.Rxf1 Ne7 29.Nxf8+ Rxf8
30.Qxb7 Qg7 31.Bg2 hxg3 32.Qd7 Qe5 33.Bf3 Rf6 34.Qd2 Re6 35.Kg2 f4 36.Rh1+ Kg7
37.Bg4 Nf5 38.Qd7+ Kf6 39.Qd8+ Re7 40.Qf8+ Rf7 41.Qd8+ Qe7 42.Qxe7+ Nxe7
43.Bd7 Nd5 44.c6 Re7 45.Rc1 Re2+ 46.Kf3 Rf2+ 47.Ke4 g2 48.Kxd5 Rf1 49.Rxf1 gxf1=Q
50.c7 Qd3+ 51.Kc6 Qa6+ 52.Kd5 Qb7+ 53.Kd6 Qxb4+ 54.Kd5 Qb7+ 55.Kd6 Qb4+ 56.Kd5 Qb7+
57.Kd6 a5 58.c8=Q Qxc8 59.Bxc8 a4  0-1

[Event "Lvov"]
[Site "Lvov"]
[Date "1984.??.??"]
[Round "8"]
[White "Short, Nigel D"]
[Black "Horvath, Tamas"]
[Result "1-0"]
[WhiteElo "2500"]
[BlackElo "2440"]

1.e4 c5 2.Nf3 e6 3.d4 cxd4 4.Nxd4 Nf6 5.Nc3 Nc6 6.Ndb5 d6 7.Bf4 e5 8.Bg5 a6
9.Na3 b5 10.Nd5 Be7 11.Bxf6 Bxf6 12.c3 O-O 13.Nc2 Rb8 14.Be2 Bg5 15.O-O Ne7
16.Ncb4 Bb7 17.Qd3 a5 18.Nxe7+ Bxe7 19.Nd5 Bxd5 20.Qxd5 b4 21.Bb5 Qb6 22.c4 Bd8
23.Rad1 Bc7 24.g3 Rbd8 25.Kg2 Qb8 26.f4 Bb6 27.f5 Bd4 28.Rxd4 exd4 29.f6 gxf6
30.Rxf6 Qc7 31.Bc6 d3 32.Rf5 d2 33.Qxd2 f6 34.Ba4 Kh8 35.Qd4 Qe7 36.Bc6 Rc8
37.Bd5 Rc7 38.Kf3 Qd8 39.g4 Re7 40.Rxf6 Re5 41.Rf5 Rxf5+ 42.gxf5 Qh4 43.Qg1 Re8
44.Qg3 Qxg3+ 45.hxg3 Kg7 46.Kf4 Kf6 47.g4 h6 48.Be6 Re7 49.c5 Rxe6 50.fxe6 dxc5
51.e7 Kxe7 52.Ke5  1-0

[Event "Lvov"]
[Site "Lvov"]
[Date "1984.??.??"]
[Round "9"]
[White "Georgiev, Kiril"]
[Black "Short, Nigel D"]
[Result "1/2-1/2"]
[WhiteElo "2430"]
[BlackElo "2500"]

1.d4 Nf6 2.c4 e6 3.Nc3 Bb4 4.e3 c5 5.Bd3 Nc6 6.Ne2 d5 7.O-O dxc4 8.Bxc4 cxd4
9.exd4 O-O 10.a3 Bd6 11.Qd3 b6 12.Rd1 Bb7 13.Qh3 Na5 14.Ba2 Rc8 15.Bg5 Be7
16.Nf4 Nd5 17.Bxe7 Nxe7 18.d5 exd5 19.Nfxd5 Nxd5 20.Nxd5 Bxd5 21.Bxd5 Qf6
22.b4 Rc3 23.Qd7 Nc4 24.Bxc4 Rxc4 25.Ra2 a5 26.bxa5 bxa5 27.Rad2 g6 28.Qd5 Qa6
29.g3 a4 30.h4 Qc6 31.Qxc6 Rxc6 32.Rd4 Ra8 33.Rd8+ Rxd8 34.Rxd8+ Kg7 35.Rd4 Ra6
36.Kf1 h5 37.Ke2 Re6+ 38.Kd3 Rf6 39.Ke3 Re6+ 40.Re4 Kf6 41.Rxe6+ Kxe6 42.Ke4 f5+
43.Kf4 Kf6 44.Ke3 g5 45.f4 gxh4 46.gxh4 Ke6 47.Kd4 Kd6 48.Kc4 Kc6 49.Kd4  1/2-1/2

[Event "Lvov"]
[Site "Lvov"]
[Date "1984.??.??"]
[Round "11"]
[White "Sahovic, Dragutin"]
[Black "Short, Nigel D"]
[Result "1/2-1/2"]
[WhiteElo "2425"]
[BlackElo "2500"]

1.d4 e6 2.c4 Nf6 3.Nf3 b6 4.g3 Bb7 5.Bg2 Bb4+ 6.Bd2 Be7 7.Nc3 O-O 8.O-O Na6
9.Rc1 c5 10.Bf4 d5 11.Ne5 Re8 12.dxc5 Nxc5 13.cxd5 exd5 14.Rc2 Bd6 15.Nd3  1/2-1/2

[Event "Plovdiv"]
[Site "Plovdiv"]
[Date "1984.??.??"]
[Round "5"]
[White "Short, Nigel D"]
[Black "Tringov, Georgi P"]
[Result "0-1"]
[WhiteElo "2500"]
[BlackElo "2435"]

1.e4 c5 2.Nf3 d6 3.d4 cxd4 4.Nxd4 Nf6 5.Nc3 e6 6.g4 a6 7.g5 Nfd7 8.h4 Nc6
9.h5 Qc7 10.Be3 b5 11.a3 Bb7 12.Rh3 Nc5 13.Qg4 b4 14.axb4 Nxb4 15.g6 hxg6
16.hxg6 Rxh3 17.gxf7+ Qxf7 18.Qxh3 e5 19.Bb5+ Kd8 20.Nc6+ Nxc6  0-1

[Event "Plovdiv"]
[Site "Plovdiv"]
[Date "1984.??.??"]
[Round "6"]
[White "Georgiev, Kiril"]
[Black "Short, Nigel D"]
[Result "0-1"]
[WhiteElo "2430"]
[BlackElo "2500"]

1.e4 e5 2.Nf3 Nc6 3.Bb5 a6 4.Bxc6 dxc6 5.O-O Qd6 6.d3 f6 7.Be3 c5 8.Nbd2 Be6
9.Qe2 Ne7 10.c3 Nc6 11.Nb3 Bxb3 12.axb3 Rd8 13.Rfd1 Qe6 14.d4 cxd4 15.cxd4 exd4
16.Nxd4 Nxd4 17.Bxd4 Bd6 18.Qc4 Kf7 19.f3 Rd7 20.Bc3 Rhd8 21.Rd5 c6 22.Rh5 h6
23.Re1 Bc7 24.Kf2 Rd3 25.e5 Qxc4 26.bxc4 fxe5 27.Bxe5 Rd2+ 28.Re2 Rxe2+ 29.Kxe2 Re8
30.f4 Bxe5 31.fxe5 Ke6 32.Rh3 Rf8 33.Rg3 Rf7 34.b4 Kxe5 35.b5 Kd4 36.bxa6 bxa6
37.Rg6 Rc7 38.Kd2 Kxc4 39.Kc2 a5 40.h4 c5 41.h5 Kd5 42.g4 Ke5 43.g5 hxg5
44.Rxg5+ Kf4 45.Rg1 a4 46.Kc3 c4 47.Rg6 Kf5 48.Ra6 Kg5 49.Rxa4 Kxh5 50.Ra1 g5
51.Rh1+ Kg4 52.Rg1+ Kf4 53.Rf1+ Ke3  0-1

[Event "Plovdiv"]
[Site "Plovdiv"]
[Date "1984.??.??"]
[Round "10"]
[White "Spassov, Liuben"]
[Black "Short, Nigel D"]
[Result "1/2-1/2"]
[WhiteElo "2475"]
[BlackElo "2500"]

1.d4 e6 2.Nf3 Nf6 3.c4 d5 4.Nc3 Be7 5.Bg5 h6 6.Bh4 O-O 7.e3 b6 8.Bd3 Bb7
9.O-O Nbd7 10.Qe2 c5 11.Rfd1 dxc4 12.Bxc4 Ne4 13.Nxe4 Bxe4 14.Bg3 Qc8 15.Rac1 a6
16.dxc5 bxc5 17.Nd2 Bc6 18.Bd3 Qb7 19.Nc4 a5 20.f3 Rfd8 21.Nd6 Qb6 22.Nc4 Qa7
23.Kh1 a4 24.h3 Bd5 25.e4 Bc6 26.Nd6 Qb6 27.Nc4 Qa7 28.Rc2 Nf8 29.Rcd2 Bb5
30.Na3 Bxd3 31.Rxd3 Rxd3 32.Rxd3 Ng6 33.Nc4 Bg5 34.Qd1 Qa6 35.Qc2 h5 36.Rd6 Qb5
37.Qd3 Nf4 38.Qc2 h4 39.Rb6 Qd7 40.Rd6 Qb5 41.Be1 Be7 42.Rd1 Rb8 43.Ba5 Rc8  1/2-1/2

[Event "Plovdiv"]
[Site "Plovdiv"]
[Date "1984.??.??"]
[Round "12"]
[White "Georgiev, Krum"]
[Black "Short, Nigel D"]
[Result "1/2-1/2"]
[WhiteElo "2445"]
[BlackElo "2500"]

1.e4 e6 2.d4 d5 3.Nd2 Nf6 4.e5 Nfd7 5.Bd3 c5 6.c3 Nc6 7.Ne2 cxd4 8.cxd4 f6
9.exf6 Nxf6 10.O-O Bd6 11.Nf3 Qc7 12.g3 O-O 13.Bf4 Bd7 14.Rc1 Rae8 15.Re1 Qb8
16.Bxd6 Qxd6 17.Nf4 e5 18.dxe5 Nxe5 19.Nxe5 Rxe5 20.Qb3 Rxe1+ 21.Rxe1 g5
22.Ne2 Ng4 23.Be4 Qh6 24.Bxd5+ Kh8 25.Qc3+ Rf6 26.h4 gxh4 27.gxh4 Nxf2 28.Ng3 Qxh4
29.Nh5 Nh3+ 30.Kg2 Nf4+ 31.Nxf4 Qxf4 32.Re7 Qg4+ 33.Kh2 Qh4+ 34.Kg1 Bc6 35.Bxc6 bxc6
36.Rxa7  1/2-1/2

[Event "Plovdiv"]
[Site "Plovdiv"]
[Date "1984.??.??"]
[Round "14"]
[White "Short, Nigel D"]
[Black "Hazai, Laszlo"]
[Result "1/2-1/2"]
[WhiteElo "2500"]
[BlackElo "2460"]

1.e4 e5 2.Nf3 Nc6 3.Bb5 a6 4.Ba4 Nf6 5.O-O Be7 6.Re1 b5 7.Bb3 d6 8.a4 Bb7
9.c3 Na5 10.Bc2 c5 11.d4 O-O 12.dxe5 dxe5 13.Qe2 Nc4 14.b3 Nd6 15.Nbd2 Nd7
16.Nf1 Re8 17.Ng3 Bf8 18.h4 Qc7 19.Bd2 c4 20.b4 a5 21.bxa5  1/2-1/2

[Event "Plovdiv"]
[Site "Plovdiv"]
[Date "1984.??.??"]
[Round "15"]
[White "Inkiov, Ventzislav"]
[Black "Short, Nigel D"]
[Result "1/2-1/2"]
[WhiteElo "2490"]
[BlackElo "2500"]

1.d4 Nf6 2.c4 e6 3.Nf3 b6 4.g3 Bb7 5.Bg2 Be7 6.O-O O-O 7.Nc3 Ne4 8.Bd2 Nxd2
9.Qxd2 d6 10.d5 e5 11.e4 Nd7 12.b4 a5 13.a3 g6  1/2-1/2

[Event "Yerevan"]
[Site "Yerevan"]
[Date "1984.??.??"]
[Round "?"]
[White "Novikov, Igor A"]
[Black "Short, Nigel D"]
[Result "1/2-1/2"]
[WhiteElo "2420"]
[BlackElo "2500"]

1.d4 Nf6 2.c4 e6 3.Nf3 b6 4.g3 Bb4+ 5.Bd2 Bxd2+ 6.Qxd2 Ba6 7.b3 c6 8.Bg2 d5
9.Qb2 Nbd7 10.Nbd2 O-O 11.O-O Rc8 12.Rac1 c5 13.Qa3 Nb8 14.dxc5 Qe7 15.cxd5 Nxd5
16.b4 bxc5 17.bxc5 Bxe2 18.Rfe1 Bxf3 19.Bxf3 Nf6 20.Ne4 Nxe4 21.Rxe4 Rc7
22.Rec4 Nd7 23.Qe3 h6 24.c6 Nb6 25.Rd4 Rfc8 26.a4 Qf6 27.a5 Nd5 28.Bxd5 exd5
29.Rxd5 Rxc6 30.Rdc5 Rxc5 31.Rxc5 Rd8  1/2-1/2

[Event "Yerevan"]
[Site "Yerevan"]
[Date "1984.??.??"]
[Round "?"]
[White "Pytel, Krzysztof"]
[Black "Short, Nigel D"]
[Result "1/2-1/2"]
[WhiteElo "2440"]
[BlackElo "2510"]

1.d4 Nf6 2.Nf3 e6 3.g3 b5 4.Bg2 Bb7 5.O-O c5 6.c3 a6 7.Bg5 cxd4 8.cxd4 Be7
9.a4 Qb6 10.Nbd2 Nc6 11.axb5 axb5 12.Rxa8+ Bxa8 13.Nb3 Nb4 14.Ne5 Bxg2 15.Kxg2 h6
16.Bxf6 Bxf6 17.Nd3 Nc6 18.e3 O-O 19.Qf3 b4 20.Ra1 Qb5 21.Ndc5 Re8 22.Qd1 Be7  1/2-1/2

[Event "Yerevan"]
[Site "Yerevan"]
[Date "1984.??.??"]
[Round "?"]
[White "Short, Nigel D"]
[Black "Kholmov, Ratmir D"]
[Result "1/2-1/2"]
[WhiteElo "2500"]
[BlackElo "2465"]

1.e4 e5 2.Nf3 Nc6 3.Bb5 a6 4.Ba4 Nf6 5.O-O Be7 6.Re1 b5 7.Bb3 O-O 8.a4 Bb7
9.d3 d6 10.Nc3 Na5 11.Ba2 b4 12.Ne2 c5 13.Ng3 Rb8 14.Nf5 Bc8 15.Nxe7+ Qxe7
16.Nd2 Be6 17.Nc4 Nxc4 18.Bxc4 a5 19.Bxe6 fxe6 20.c3 h6 21.Bd2 Rf7 22.cxb4 axb4
23.h3 Ra8 24.Rf1 g5 25.Be3 Qe8 26.g3  1/2-1/2

[Event "Lugano op"]
[Site "Lugano"]
[Date "1985.??.??"]
[Round "6"]
[White "Short, Nigel D"]
[Black "Ivkov, Borislav"]
[Result "1/2-1/2"]
[WhiteElo "2535"]
[BlackElo "2510"]

1.e4 e5 2.Nf3 Nc6 3.Bb5 a6 4.Ba4 Nf6 5.O-O Be7 6.Re1 b5 7.Bb3 d6 8.a4 Bd7
9.c3 Na5 10.Bc2 c5 11.d4 Nc6 12.Nbd2 cxd4 13.cxd4 O-O 14.axb5 axb5 15.Rxa8 Qxa8
16.Nb3 Rc8 17.Bd2 Bd8 18.h3 Bb6 19.Bg5 Ne8 20.Be3 Qa7 21.Bb1 Nf6 22.Qd2 Qa4
23.dxe5 Nxe5 24.Nxe5 Bxe3 25.Rxe3 dxe5 26.Rc3 Rxc3 27.Qxc3 Nxe4 28.Qxe5 Nf6
29.Bc2 Qc4 30.Nd4 Qd5 31.Qf4 Be8 32.Nf5 Qe6 33.Qd4 Bd7 34.Ne3 g6 35.b4 Bc6
36.Bb3 Qxb3 37.Qxf6 Qb1+ 38.Kh2 Qe4 39.Kg3 h5 40.h4 Qe8 41.Kf4 Kh7  1/2-1/2

[Event "Vestmannaeyjum"]
[Site "Vestmannaeyjum"]
[Date "1985.??.??"]
[Round "1"]
[White "Short, Nigel D"]
[Black "Olafsson, Helgi"]
[Result "1/2-1/2"]
[WhiteElo "2535"]
[BlackElo "2515"]

1.e4 e5 2.Nf3 Nc6 3.Bb5 a6 4.Ba4 Nf6 5.O-O Be7 6.Re1 b5 7.Bb3 d6 8.a4 b4
9.d3 O-O 10.Nbd2 Be6 11.Bxe6 fxe6 12.Nc4 Nd7 13.Bd2 Rb8 14.h3 Qe8  1/2-1/2